| 000 | 00521nam a2200181Ia 4500 | ||
|---|---|---|---|
| 005 | 20260122095510.0 | ||
| 008 | 260121s9999||||xx |||||||||||||| ||und|| | ||
| 020 | _a9781032274911 | ||
| 082 |
_a346.048095 _bLIU |
||
| 100 | _aLiu, Kung-Chung | ||
| 245 | 0 |
_aIP laws and regimes in major Asian economies : _bcombing through thousand threads of IP to peace in Asia / |
|
| 260 |
_aNew York : _bRoutledge, _c2023. |
||
| 300 | _axv, 238 p.; pbk | ||
| 650 | _aAsia | ||
| 650 | _aEconomics | ||
| 650 | _aIP laws | ||
| 942 | _cTB | ||
| 999 |
_c48381 _d48381 |
||